000 00933nam a22003377a 4500
001 BR2010004841
003 BR-BrBNA
005 20230928103400.0
007 ta
008 230509b bl.||||| |||| 00| 0 por d
040 _aBR-BrBNA
_bpor
_cBiblioteca Nacional de Agricultura
041 _a(Por)
072 _aL73
_b6100
_b4150
090 _ 6100 BR2010004841
100 1 _aSesti, L.
100 1 _aDoretto Junior, L.
100 1 _aSilva, E.V. da
100 1 _aIshizuka, M.M.
100 1 _aOrsi, M.A.
100 1 _aSimon, V.
245 1 _aProcedimento operacional padrão (POP)para o diagnóstico precoce das doenças de newcastle (DN)e influenza aviária (IA)1
260 3 _aSão Paulo, SP (Brasil):
_c2001.
300 _a87 p.
650 _aFRANGO
650 _aDOENÇA ANIMAL
650 _aNEWCASTLE
650 _aVÍRUS
650 _aDIAGNÓSTICO
909 _a202309
_bLucia
_c55
_dLucia Elande
942 _cBK
999 _c74876
_d74876